Normal view
MARC view
Entry Personal Name
001 - CONTROL NUMBER
- control field: 71857
003 - CONTROL NUMBER IDENTIFIER
- control field: dpl
005 - DATE AND TIME OF LATEST TRANSACTION
- control field: 20240923131152.0
008 - FIXED-LENGTH DATA ELEMENTS
- fixed length control field: 240923|| aca||aabn | a|a d
040 ## - CATALOGING SOURCE
- Original cataloging agency: dpl
- Transcribing agency: dpl
100 ## - HEADING--PERSONAL NAME
- Personal name: शारीरिक शिक्षा, योग तथा जीवन शैली
670 ## - SOURCE DATA FOUND
- Source citation: Work cat.: (dpl)205855: शारीरिक शिक्षा, योग तथा जीवन शैली, शारीरिक शिक्षा , योग तथा जीवन शैली /, 2021
